Countries with Highest Inflation Rate - Statistics

General Stats
  • This quiz has been taken 48 times
  • The average score is 12 of 25
Answer Stats
Rate Country % Correct
250% Venezuela
81%
136% Argentina
74%
396% Zimbabwe
71%
40% Iran
69%
238% Sudan
69%
46% South Sudan
67%
64% Turkey
67%
15.5% Ukraine
67%
30.6% Nigeria
60%
24.5% Ethiopia
57%
35.7% Egypt
52%
29.4% Pakistan
50%
31.3% Ghana
45%
20.0% Yemen
45%
17.2% Angola
40%
12.2% Burundi
36%
30.1% Haiti
36%
16.9% Laos
36%
29.0% Malawi
33%
19.3% Democratic Republic of Congo
31%
17.5% Gambia
31%
12.1% Liberia
31%
37.8% Sierra Leone
29%
15.4% Sao Tome and Principe
17%
40% Suriname
12%
No matching quizzes found
Score Distribution
Percent of People with Each Score
Percentile by Number Answered
Your Score History
You have not taken this quiz